|
|
|
|
| LEADER |
00713nab a2200205 i 4500 |
| 001 |
tisza7992 |
| 005 |
20200330134023.0 |
| 008 |
170712s1973 hu o 0|| hun d |
| 022 |
|
|
|a 0133-1167
|
| 040 |
|
|
|a SZTE Tiszatáj Archívum
|b hun
|
| 041 |
|
|
|a hun
|
| 100 |
1 |
|
|a Kovács István
|
| 245 |
1 |
0 |
|a Dávid Gyula-Mikó Imre
|h [elektronikus dokumentum] :
|b Petőfi Erdélyben /
|c Kovács István
|
| 260 |
|
|
|c 1973
|
| 300 |
|
|
|a 121-123
|
| 490 |
0 |
|
|a Tiszatáj
|v 27 No. 8
|
| 695 |
|
|
|a Petőfi Sándor, Magyar irodalom - költészet - 19. sz. - életrajz - könyvismertetés
|
| 700 |
0 |
1 |
|a Dávid Gyula
|
| 700 |
0 |
1 |
|a Mikó Imre
|
| 856 |
4 |
0 |
|u http://tiszataj.bibl.u-szeged.hu/7992/1/tiszataj_1973_008_121-123.pdf
|z Dokumentum-elérés
|